Dalang-dalang (kehormat) peperangan = The high priests of war

Bibliographic Details
Main Author: Piper, Michael collin
Other Authors: Asfalaila Abu Bakar
Format: Book
Published: Kuala Lumpur : Saba Islamic Media , 2002
Subjects:

MARC

LEADER 00000cam a2200000 7i4500
001 0000003671
005 20080131.0
020 0 0 |a 9833320279 
090 0 0 |a 303.625   |b PIP 
100 1 0 |a Piper, Michael collin 
245 1 0 |a Dalang-dalang (kehormat) peperangan = The high priests of war   |c Michael Collins Piper; diterjemah oleh Asfalaila Abu Bakar 
246 3 1 |a High priests of war 
260 0 0 |a Kuala Lumpur :   |b Saba Islamic Media ,   |c 2002 
300 |a 116ms. :   |b il. ;   |c 22cm. 
650 0 0 |a Conservatism   |z United States   |x History   |y 21st century 
650 0 0 |a Iraq war 2003-   |x Causes 
650 0 0 |a Terrorism 
651 0 0 |a United States   |x Foreign relations   |y 2001- 
651 0 0 |a United States   |x Politics and government   |y 2001- 
700 1 1 |a Asfalaila Abu Bakar 
999 |a 0000007133   |b Monograph   |c Open Shelf   |e Default branch